| 000 | 00392nam a2200145Ia 4500 | ||
|---|---|---|---|
| 003 | LK-CoDNM | ||
| 008 | 010623t2000 xxu||||| |||| 00| 1 eng d | ||
| 040 |
_aLK-CoDNM _dLK-CoDNM _eLK-CoDNM |
||
| 041 | _aeng | ||
| 080 |
_a33 _bCOM |
||
| 245 | _aDemocracy and Small States : Commonwealth Workshop | ||
| 260 |
_b Commonwealth Secretariat _a Malta _c2000 |
||
| 300 | _b20p, 21 cm | ||
| 942 | _cBK | ||
| 999 |
_c120040 _d120040 |
||